<?xml version="1.0" encoding="UTF-8"?>
<collection xmlns="http://www.loc.gov/MARC21/slim">
  <record>
    <leader>00000nam  2200000   4500</leader>
    <controlfield tag="001">INLIS000000000018545</controlfield>
    <controlfield tag="005">20241122011626</controlfield>
    <datafield tag="035" ind1="#" ind2="#">
      <subfield code="a">0010-1124000211</subfield>
    </datafield>
    <controlfield tag="007">ta</controlfield>
    <controlfield tag="008">241122###########################0######</controlfield>
    <datafield tag="245" ind1="#" ind2="#">
      <subfield code="a">READY, SET, GROW ! :</subfield>
      <subfield code="b">Siapkan Diri Menuju Karir Cemerlang /</subfield>
      <subfield code="c">Ayu Putri Utami, S.E., M.Si</subfield>
    </datafield>
    <datafield tag="260" ind1="#" ind2="#">
      <subfield code="a">Makassar :</subfield>
      <subfield code="b">Puslatbang KMP RI LAN Makassar,</subfield>
      <subfield code="c">2024</subfield>
    </datafield>
    <datafield tag="300" ind1="#" ind2="#">
      <subfield code="a">487 ;</subfield>
      <subfield code="c">30</subfield>
    </datafield>
    <datafield tag="650" ind1="#" ind2="4">
      <subfield code="a">Meningkatkan kesiapan karir mahasiswa</subfield>
    </datafield>
    <datafield tag="700" ind1=" " ind2="#">
      <subfield code="a">Prof. Dr. Muhammad Yunus Kasim, S.E., M.Si (Mentor)</subfield>
    </datafield>
    <datafield tag="700" ind1=" " ind2="#">
      <subfield code="a">Lutfina Thalita E. Zainsa, S.H (Coach)</subfield>
    </datafield>
    <datafield tag="520" ind1="#" ind2="#">
      <subfield code="a">Laporan ini menguraikan kegiatan aktualisasi dalam rangka Pelatihan Dasar CPNS yang bertujuan untuk mengembangkan potensi mahasiswa dalam mempersiapkan diri menghadapi dunia kerja. Kegiatan ini dilaksanakan di Program Studi Manajemen Fakultas Ekonomi dan Bisnis Universitas Tadulako. Terdapat Enam kegiatan utama yang dirancang untuk meningkatkan kesiapan karir mahasiswa, yaitu survei kebutuhan program pengembangan karir, pembentukan forum kolaborasi dosen, pembuatan infografis, pelaksanaan podcast online, pelaksanaan workshop strategi pembuatan CV dan teknik wawancara, serta pembentukan grup pengembangan karir mahasiswa. Kegiatan ini berfokus pada peningkatan kompetensi mahasiswa, optimalisasi penggunaan teknologi, serta peningkatan kolaborasi antara dosen dan mahasiswa. Hasil dari kegiatan ini diharapkan dapat berkelanjutan dan memberikan kontribusi signifikan dalam meningkatkan kualitas lulusan yang siap menghadapi tantangan dunia kerja.</subfield>
    </datafield>
    <datafield tag="856" ind1="#" ind2="#">
      <subfield code="a">PUSLATBANG KMP LAN RI Makassar</subfield>
    </datafield>
  </record>
</collection>
